[Event "Olympiad-44"]
[Site "Chennai"]
[Date "2022.08.07"]
[Round "9.1"]
[White "Megaranto, Susanto"]
[Black "Carlsen, Magnus"]
[Result "0-1"]
[WhiteElo "2529"]
[BlackElo "2864"]
[PlyCount "94"]
[EventDate "2022.07.29"]
[EventType "team-swiss"]
[EventRounds "11"]
[EventCountry "IND"]
[SourceTitle "EXT 2023"]
[Source "ChessBase"]
[SourceDate "2022.10.05"]
[SourceVersion "1"]
[SourceVersionDate "2022.10.05"]
[SourceQuality "1"]
[WhiteTeam "Indonesia"]
[BlackTeam "Norway"]
[WhiteTeamCountry "INA"]
[BlackTeamCountry "NOR"]

1. d4 Nf6 2. Nf3 e6 3. c4 Bb4+ 4. Bd2 a5 5. a3 Bxd2+ 6. Nbxd2 d6 7. e3 Qe7 8. Bd3 e5 9. Qc2 Nbd7 ({RR} 9... O-O 10. O-O Re8 11. dxe5 dxe5 12. Ng5 h6 13. Nge4 Nxe4 14. Nxe4 Be6 15. Nc3 Nd7 16. Be2 Nb6 17. Na4 Nxa4 18. Qxa4 Qc5 19. Rfd1 Red8 20. h3 c6 21. Rxd8+ Rxd8 22. Rd1 Qb6 23. Rxd8+ Qxd8 24. Qc2 {Dao,T (2510)-Ghaem Maghami,E (2599) Al Ain 2008 ½-½ (46)}) 10. O-O O-O 11. b3 $146 ({RR} 11. Ng5 h6 12. Nge4 Nxe4 13. Nxe4 Nf6 14. Rad1 Nxe4 15. Bxe4 c6 16. dxe5 dxe5 17. Qc3 f5 18. Bb1 e4 19. c5 Be6 20. Rd6 Bd5 21. Rd1 Qg5 22. R1xd5 cxd5 23. Ba2 Kh7 24. Bxd5 Rae8 25. Bxb7 f4 {Atakishiyev,E (2223)-Nader,A (2292) Chess.com INT 2020 1-0 (37)}) ({RR} 11. b4 Re8 12. Ng5 h6 13. Nge4 Nxe4 14. Nxe4 Nf6 15. Ng3 Kh8 16. Qc3 e4 17. Be2 b6 18. Rfc1 Be6 19. Bd1 Bg4 20. h3 Bd7 21. d5 Kg8 22. Qd4 Qe5 23. Qxe5 Rxe5 24. Bb3 Ree8 25. Ne2 c5 {Plotkin,V (2282)-Qian,A (2134) Guelph CAN 2025 1-0 (80)}) 11... Re8 12. e4 Nf8 13. Rfe1 Bg4 14. d5 N8d7 15. h3 Bxf3 16. Nxf3 g6 17. b4 Ra7 18. Nd2 Rea8 19. Nb3 b6 20. Qc3 axb4 21. axb4 h5 22. Rxa7 Rxa7 23. Ra1 Rxa1+ 24. Qxa1 Qd8 25. Nd2 h4 26. Be2 Kg7 27. Qa3 Nh7 28. Bg4 Ndf6 29. Bd1 Ng5 30. Qe3 Qa8 31. Kf1 Qa1 32. Ke1 Ngh7 33. c5 Nh5 34. g3 hxg3 35. fxg3 b5 36. Qd3 N7f6 37. c6 Qb2 38. Qxb5 Qc3 39. Bf3 Nxe4 40. Bxe4 Qc1+ 41. Ke2 Nxg3+ 42. Kf2 Qxd2+ 43. Kxg3 Qf4+ 44. Kg2 Qxe4+ 45. Kf2 Qc2+ 46. Ke1 e4 47. Kf1 Qd1+ 0-1

[Event "Sinquefield Cup 9th+"]
[Site "Saint Louis"]
[Date "2022.09.02"]
[Round "1"]
[White "Carlsen, Magnus"]
[Black "Nepomniachtchi, Ian"]
[Result "1-0"]
[WhiteElo "2861"]
[BlackElo "2792"]
[PlyCount "85"]
[EventDate "2022.09.02"]
[EventType "tourn"]
[EventRounds "9"]
[EventCountry "USA"]
[EventCategory "21"]
[SourceTitle "EXT 2023"]
[Source "ChessBase"]
[SourceDate "2022.10.05"]
[SourceVersion "1"]
[SourceVersionDate "2022.10.05"]
[SourceQuality "1"]

{[%evp 0,77,26,26,24,12,18,20,23,-20,-7,-16,12,19,21,24,36,7,42,19,12,16,22,18,22,15,31,20,21,25,18,1,2,1,1,19,1,11,13,6,3,2,5,0,5,0,1,1,36,-23,25,42,28,25,81,87,75,90,80,81,93,93,86,86,104,96,94,112,99,86,112,108,151,139,196,190,230,271,228,182]} 1. d4 Nf6 2. c4 e6 3. Nf3 d5 4. cxd5 exd5 5. Nc3 c6 6. Bf4 Bf5 7. e3 Nbd7 8. h3 Be7 ({RR} 8... Qb6 9. Bd3 Bxd3 10. Qxd3 Be7 11. O-O O-O 12. Na4 Qb4 13. Qc2 a5 14. Rfc1 Rfe8 15. Rab1 Qc4 16. Qd1 Qa6 17. Ne1 Ne4 18. Nd3 Bd6 19. Bxd6 Nxd6 20. Nac5 Nxc5 21. Nxc5 Qb6 22. a4 Ne4 23. Nd3 {Erigaisi,A (2797)-Wei Yi (2763) London ENG 2024 1-0 (86)}) 9. g4 Be4 $146 ({RR} 9... Bg6 10. Nh4 Ne4 11. Nxg6 hxg6 12. Nxe4 dxe4 13. Bg2 Qa5+ 14. Kf1 Nf6 15. Qb3 Qa6+ 16. Kg1 Rd8 17. Be5 Bd6 18. Bxf6 gxf6 19. Bxe4 f5 20. gxf5 Rh5 21. Bd3 b5 22. fxg6 Rg5+ 23. Kf1 fxg6 24. Qe6+ {Matlakov,M (2625)-De Boer,E (2426) chess.com INT 2024 1-0}) ({RR} 9... Bg6 10. Nh4 Qb6 11. Qb3 O-O 12. Nxg6 hxg6 13. Be2 Qxb3 14. axb3 Rfe8 15. h4 Nf8 16. g5 Nh5 17. Bh2 f6 18. Rg1 Kf7 19. Kd2 Ne6 20. Bd3 f5 21. Be5 a6 22. Kc2 Rad8 23. Be2 c5 24. Bf3 {Theodorou,N (2652)-Rodshtein,M (2647) Batumi GEO 2025 1-0 (53)}) 10. Be2 Qb6 11. Qb3 Qxb3 12. axb3 Bg6 13. Nh4 Bb4 14. Nxg6 hxg6 15. f3 Nf8 16. Kf2 Ne6 17. Bg3 Ke7 18. h4 a6 19. Kg2 Rad8 20. Bf2 Bd6 21. Bd3 Bb8 22. Na4 Bd6 23. Be1 c5 24. Nxc5 Nxc5 25. dxc5 Bxc5 26. Bd2 Rhe8 27. b4 Bb6 28. b5 a5 29. Bxa5 Bxa5 30. Rxa5 Kd6 31. Kf2 Re7 32. Rd1 Rh8 33. g5 Nd7 34. Ra4 Nc5 35. Rg4 Kc7 36. Bb1 Re5 37. Ba2 f6 38. gxf6 gxf6 39. Rxd5 Rxd5 40. Bxd5 Nd3+ 41. Kg3 Ne5 42. Rf4 Rd8 43. b6+ 1-0

[Event "Sinquefield Cup 9th+"]
[Site "Saint Louis"]
[Date "2022.09.03"]
[Round "2"]
[White "Aronian, Levon"]
[Black "Carlsen, Magnus"]
[Result "1/2-1/2"]
[WhiteElo "2759"]
[BlackElo "2861"]
[PlyCount "72"]
[EventDate "2022.09.02"]
[EventType "tourn"]
[EventRounds "9"]
[EventCountry "USA"]
[EventCategory "21"]
[SourceTitle "EXT 2023"]
[Source "ChessBase"]
[SourceDate "2022.10.05"]
[SourceVersion "1"]
[SourceVersionDate "2022.10.05"]
[SourceQuality "1"]

{[%evp 0,72,24,24,27,18,13,18,41,38,41,28,22,30,30,38,46,38,63,67,60,65,46,46,40,36,36,47,48,8,0,0,3,10,-4,-4,-4,-4,35,34,33,25,31,-4,-6,-6,-13,-13,6,4,1,1,1,4,1,-13,-12,-15,-8,-8,-9,-7,-5,-10,0,-8,-6,-10,0,-7,-10,-9,-7,-8,-8]} 1. d4 Nf6 2. c4 e6 3. Nf3 Bb4+ 4. Bd2 Bxd2+ 5. Qxd2 d5 6. Nc3 O-O 7. e3 Qe7 8. Rc1 dxc4 9. Bxc4 c5 10. dxc5 Rd8 11. Qe2 Qxc5 12. O-O Nc6 13. Bb3 ({RR} 13. Bb5 Bd7 14. Rfd1 Qe7 15. h3 Be8 16. a3 Rxd1+ 17. Rxd1 Rd8 18. Bd3 g6 19. Ne4 a6 20. Rc1 Rc8 21. Rc2 Na7 22. Rxc8 Nxc8 23. Qc2 Nxe4 24. Bxe4 Nd6 25. Bd3 e5 26. Nd2 Bb5 27. Bxb5 Nxb5 {Ushenina,A (2409)-Zhai Mo (2380) Samarkand UZB 2025 ½-½ (40)}) 13... Qa5 $146 ({RR} 13... Qh5 14. Rfd1 Bd7 15. Qb5 Qxb5 16. Nxb5 Na5 17. Nd6 Ne8 18. Nc4 {½-½ (18) Almeida Quintana,O (2520)-Noritsyn,N (2462) Toronto CAN 2023}) 14. Qc4 Ne5 15. Nxe5 Qxe5 16. Bd1 Bd7 17. Bf3 Rac8 18. Qb4 b6 19. Rfd1 Qc5 20. Qxc5 Rxc5 21. Ne4 Nxe4 22. Bxe4 Rxc1 23. Rxc1 Rc8 24. Rxc8+ Bxc8 25. f4 h6 26. Kf2 Kf8 27. Ke1 Ke7 28. Kd2 Kd6 29. g3 e5 30. a3 f6 31. Kc3 Kc5 32. b4+ Kd6 33. Kc4 Ba6+ 34. Kc3 Bc8 35. Kc4 Ba6+ 36. Kc3 Bc8 1/2-1/2

[Event "EU-Cup 37th"]
[Site "Mayrhofen"]
[Date "2022.10.07"]
[Round "5.1"]
[White "Korobov, Anton"]
[Black "Carlsen, Magnus"]
[Result "0-1"]
[WhiteElo "2672"]
[BlackElo "2856"]
[PlyCount "68"]
[EventDate "2022.10.03"]
[EventType "team-swiss"]
[EventRounds "7"]
[EventCountry "AUT"]
[SourceTitle "EXT 2023"]
[Source "ChessBase"]
[SourceDate "2022.10.05"]
[SourceVersion "1"]
[SourceVersionDate "2022.10.05"]
[SourceQuality "1"]
[WhiteTeam "Silla Valencia"]
[BlackTeam "Offerspill"]
[WhiteTeamCountry "ESP"]
[BlackTeamCountry "NOR"]

1. d4 Nf6 2. Nf3 d5 3. e3 a6 4. b3 Bf5 ({RR} 4... Bg4 5. Ba3 Nbd7 6. h3 Bxf3 7. Qxf3 e5 8. Bxf8 Kxf8 9. Be2 g6 10. O-O Kg7 11. Rd1 Re8 12. c4 c6 13. Nc3 Qa5 14. Rac1 exd4 15. Rxd4 dxc4 16. Bxc4 Ne5 17. Qf4 Nxc4 18. Rxc4 Rad8 19. Ra4 {Korobov,A (2661)-Carlsen,M (2853) chess.com INT 2023 0-1 (41)}) ({RR} 4... e6 5. Nbd2 b6 6. Bb2 Bb7 7. Ne5 Nbd7 8. Bd3 Nxe5 9. dxe5 Nd7 10. O-O g6 11. f4 Bg7 12. Qe2 O-O 13. Rad1 Nc5 14. e4 Re8 15. Ba3 dxe4 16. Nxe4 Qd4+ 17. Qf2 Qxf2+ 18. Nxf2 Nxd3 19. Rxd3 {Rajandu,A (1869)-Lopes,S (2026) York ENG 2025 ½-½}) 5. Ba3 $146 ({RR} 5. Bb2 e6 6. Nbd2 h6 7. Be2 Nbd7 8. O-O Bd6 9. a4 c6 10. Ba3 Bxa3 11. Rxa3 Qe7 12. Ra1 e5 13. dxe5 Nxe5 14. Rc1 O-O 15. Nxe5 Qxe5 16. Nf3 Qc7 17. Nd4 Bg6 18. Bd3 Bxd3 19. cxd3 Rfe8 {Maisuradze,N (2251)-Lou,Y (2472) Europe Echecs INT 2021 0-1 (48)}) 5... e6 6. Bxf8 Kxf8 7. Be2 Nc6 8. O-O h5 9. c4 h4 10. Nc3 Ne4 11. Rc1 Rh6 12. cxd5 exd5 13. Nd2 Nxc3 14. Rxc3 Qd6 15. Qc1 Re8 16. Bf3 Re7 17. Rc5 Nb4 18. Nc4 Qe6 19. Nb2 h3 20. g3 Nxa2 21. Qd2 Be4 22. Be2 b6 23. Na4 Bh7 24. Re1 Qe4 25. f3 Qxe3+ 26. Qxe3 Rxe3 27. Rxc7 Rhe6 28. Kf2 Bd3 29. Bxd3 Rxe1 30. g4 Nb4 31. Bf5 R1e2+ 32. Kg3 Rd6 33. Rb7 g6 34. Bd7 g5 0-1

[Event "EU-Cup 37th"]
[Site "Mayrhofen"]
[Date "2022.10.09"]
[Round "7.1"]
[White "Maghsoodloo, Parham"]
[Black "Carlsen, Magnus"]
[Result "1/2-1/2"]
[WhiteElo "2721"]
[BlackElo "2856"]
[PlyCount "78"]
[EventDate "2022.10.03"]
[EventType "team-swiss"]
[EventRounds "7"]
[EventCountry "AUT"]
[SourceTitle "EXT 2023"]
[Source "ChessBase"]
[SourceDate "2022.10.05"]
[SourceVersion "1"]
[SourceVersionDate "2022.10.05"]
[SourceQuality "1"]
[WhiteTeam "Clichy Echecs 92"]
[BlackTeam "Offerspill"]
[WhiteTeamCountry "FRA"]
[BlackTeamCountry "NOR"]

1. d4 Nf6 2. c4 e6 3. Nc3 d5 4. cxd5 exd5 5. Bg5 c6 6. e3 h6 7. Bh4 Be7 8. Bd3 O-O 9. Nge2 Ne8 10. Bg3 Nd6 11. O-O Re8 12. Qc2 Bf8 13. Rae1 a5 14. Nf4 ({RR} 14. Nd1 Na6 15. a3 Bd7 16. f3 Rc8 17. Nec3 c5 18. Qf2 Bc6 19. Bf4 b5 20. Ne2 Nc4 21. Qg3 h5 22. Qh3 g6 23. g4 Bd7 24. Qg2 h4 25. g5 Bg7 26. Kh1 Nd2 27. Rg1 c4 28. Bc2 b4 {Salem,A (2677)-Carlsen,M (2859) chess24.com INT 2022 0-1 (37)}) ({RR} 14. a3 Nd7 15. Nf4 b5 16. Nb1 Bb7 17. Nd2 Nc4 18. Rd1 Nf6 19. a4 Qb6 20. b3 Nd6 21. Ne2 Rac8 22. Rc1 Nde4 23. Bxe4 dxe4 24. Be5 c5 25. Qb1 Nd7 26. axb5 Qxb5 27. Nc4 cxd4 28. Nxd4 Qa6 {Maghsoodloo,P (2684)-Moussard,J (2587) chess.com INT 2025 ½-½ (129)}) 14... Na6 15. a3 Qf6 $146 ({RR} 15... Nc7 16. f3 Nc4 17. e4 b5 18. Bf2 b4 19. axb4 axb4 20. Nd1 Ra1 21. exd5 Rxe1 22. Rxe1 Nxd5 23. Nxd5 cxd5 24. Bxc4 dxc4 25. Qxc4 Be6 26. Qd3 Be7 27. Ne3 Rxe1+ 28. Bxe1 Bc5 29. Kf2 Qxd4 30. Qxd4 {Maghsoodloo,P (2719)-Ter Sahakyan,S (2605) Almaty KAZ 2022 ½-½ (31)}) ({RR} 15... Bd7 16. f3 b5 17. e4 b4 18. Na4 bxa3 19. bxa3 dxe4 20. fxe4 Nb5 21. e5 Nxd4 22. Qc4 Ne6 23. Rd1 Qc7 24. h4 Nac5 25. Nxc5 Bxc5+ 26. Kh2 Bxa3 27. Qe4 {1-0 (27) Silva,M (2039)-Murthy,P (1836) chess.com INT 2025}) 16. f3 b5 17. Bf2 Nc4 18. g3 Qd8 19. e4 b4 20. exd5 Rxe1 21. Rxe1 Nd6 22. Na4 cxd5 23. Nxd5 Rb8 24. Nc5 Nb5 25. Bxb5 Rxb5 26. Qc4 Rb8 27. a4 Nxc5 28. dxc5 Bb7 29. c6 Rc8 30. Bb6 Qd6 31. Bc7 Qc5+ 32. Qxc5 Bxc5+ 33. Kg2 Bxc6 34. Rc1 Bxd5 35. Rxc5 Bb3 36. Bb6 Rxc5 37. Bxc5 Bxa4 38. Bb6 Bc6 39. Bxa5 b3 1/2-1/2

[Event "45th Olympiad 2024"]
[Site "Budapest HUN"]
[Date "2024.09.14"]
[Round "4.9"]
[White "Carlsen, Magnus"]
[Black "Gazik, Viktor"]
[Result "1-0"]
[WhiteElo "2832"]
[BlackElo "2561"]
[PlyCount "55"]
[EventDate "2024.09.11"]
[WhiteTeam "Norway"]
[BlackTeam "Slovakia"]
[WhiteTeamCountry "NOR"]
[BlackTeamCountry "SVK"]

1. d4 Nf6 2. c4 e6 3. Nf3 Bb4+ 4. Nbd2 b6 5. a3 Bxd2+ 6. Nxd2 Bb7 7. e3 O-O 8. Bd3 ({RR} 8. b3 c5 9. dxc5 bxc5 10. Bb2 d6 11. Bd3 Nbd7 12. O-O a5 13. Qc2 Qb6 14. Rfd1 Rfd8 15. Rab1 Bc6 16. Bc3 Qb7 17. f3 Qa7 18. Nf1 h6 19. Qf2 Qc7 20. Qg3 Nh5 21. Qh4 Nhf6 22. a4 d5 {1-0 Van Foreest,J (2665)-Naiditsch,A (2661) TCh-FRA Top 16 Haute 2024 (1.19)}) ({RR} 8. b3 d6 9. Bb2 Nbd7 10. Qc2 c5 11. Bd3 Rc8 12. O-O cxd4 13. Bxd4 d5 14. Qb2 Qe7 15. Be2 e5 16. Bc3 d4 17. Bb4 Nc5 18. Nf3 a5 19. exd4 exd4 20. Bxc5 bxc5 21. Rfe1 Qd6 22. h3 Ne4 {1-0 Jumabayev,R (2575)-Bitoon,R (2374) Chess.com Speed Play-In 2024 (4)}) ({RR} 8. b3 c5 9. dxc5 bxc5 10. Bb2 d6 11. Bd3 Nbd7 12. O-O a5 13. Qc2 Qb6 14. Rfd1 Rfd8 15. Rab1 Bc6 16. Bc3 Qb7 17. f3 Qa7 18. Nf1 h6 19. Qf2 Qc7 20. Qg3 Nh5 21. Qh4 Nhf6 22. a4 d5 {Van Foreest,J (2665)-Naiditsch,A (2661) Chartres FRA 2024 1-0 (36)}) 8... d5 9. O-O dxc4 $146 ({RR} 9... Nbd7 10. Nf3 Qe7 11. cxd5 exd5 12. b3 Ne4 13. Bb2 f5 14. Rc1 c6 15. Ne5 Nxe5 16. dxe5 c5 17. Qc2 Qe6 18. f3 Ng5 19. h4 Nf7 20. Bxf5 Qh6 21. f4 Nd8 22. Rf3 Ne6 23. Bxe6+ Qxe6 24. f5 {½-½ Dudas,P (2257)-Dobai,S (2179) HUN-chT2 Barcza 1314 2013 (3)}) ({RR} 9... Nbd7 10. b3 Re8 11. Bb2 e5 12. dxe5 Nxe5 13. Be2 dxc4 {½-½ Gmeiner,P (2230)-Ochs,H Schoeneck 1992 (4)}) ({RR} 9... Nbd7 10. Nf3 Qe7 11. cxd5 exd5 12. b3 Ne4 13. Bb2 f5 14. Rc1 c6 15. Ne5 Nxe5 16. dxe5 c5 17. Qc2 Qe6 18. f3 Ng5 19. h4 Nf7 20. Bxf5 Qh6 21. f4 Nd8 22. Rf3 Ne6 23. Bxe6+ Qxe6 24. f5 {Dudas,P (2257)-Dobai,S (2179) Hungary 2013 ½-½ (49)}) ({RR} 9... Nbd7 10. b4 dxc4 11. Nxc4 Qe7 12. Bb2 Rfd8 13. Qc2 h6 14. Rac1 Rac8 15. Rfd1 Nd5 16. Bf1 Nf8 17. Ne5 c6 18. Qa4 a6 19. Qb3 Rc7 20. Rc2 f6 21. Nd3 Rcd7 22. a4 f5 23. Rdc1 b5 24. Nc5 {Doroodgar,A (2403)-Ahmadi,E (2161) Urmia IRI 2025 1-0 (61)}) 10. Nxc4 Qd5 11. f3 Rd8 12. Be2 Nc6 13. Qc2 Rac8 14. b3 b5 15. Nb2 e5 16. Nd3 e4 17. Nc5 Nxd4 18. exd4 Qxd4+ 19. Kh1 exf3 20. gxf3 Ba8 21. Bg5 Rd5 22. Bxf6 Qxf6 23. Ne4 Qf4 24. Qc1 Qh4 25. Rg1 Re5 26. Qc3 Rce8 27. Bxb5 R8e7 28. Rad1 1-0

[Event "45th Olympiad 2024"]
[Site "Budapest HUN"]
[Date "2024.09.15"]
[Round "5.5"]
[White "Yilmaz, Mustafa"]
[Black "Carlsen, Magnus"]
[Result "1/2-1/2"]
[WhiteElo "2587"]
[BlackElo "2832"]
[PlyCount "107"]
[EventDate "2024.09.11"]
[WhiteTeam "Turkiye"]
[BlackTeam "Norway"]
[BlackTeamCountry "NOR"]

1. d4 Nf6 2. c4 e6 3. Nf3 d5 4. Nc3 Nbd7 5. cxd5 exd5 6. Bg5 c6 7. e3 Qa5 8. Bd3 Ne4 9. Qc2 Nxg5 10. Nxg5 h6 11. Nf3 Bd6 12. O-O Nf6 ({RR} 12... O-O 13. a3 Qd8 14. b4 a6 15. Rab1 Re8 16. h3 Nf6 17. a4 Qe7 ({RR} 17... Qe7 18. b5 axb5 19. axb5 c5 20. dxc5 Bxc5 21. Rfd1 Be6 22. Ne2 Rec8 23. Qb2 Ne4 24. Ra1 Rxa1 25. Rxa1 Bd7 26. Nfd4 Qe5 27. Rc1 Ra8 28. Qc2 Bd6 29. Nf3 Qe8 30. Qb3 Nc5 31. Qxd5 Nxd3 32. Qxd3) 18. b5 axb5 19. axb5 c5 20. dxc5 Bxc5 21. Rfd1 Be6 22. Ne2 Rec8 23. Qb2 Ne4 24. Ra1 Rxa1 25. Rxa1 Bd7 26. Nfd4 Qe5 27. Rc1 {0-1 Sarana,A (2654)-Moranda,W (2605) Titled Tuesday intern op 9th June blitz 2020 (4)}) ({RR} 12... O-O 13. a3 Qd8 14. b4 Qe7 15. Na4 Nf6 16. Nc5 Bg4 17. Rfc1 Bxf3 18. gxf3 b6 19. Nb3 Rac8 20. Bf5 Rc7 21. Kg2 g6 22. Bd3 Nh5 23. h4 Qxh4 24. Rh1 Qg5+ 25. Kf1 Kg7 26. Nc1 c5 27. bxc5 {1-0 Hajiyev,K (2084)-Plasek,Z (1865) Prague Golden Blitz op 17th 2022 (4)}) ({RR} 12... O-O 13. a3 Qc7 14. Rac1 Qd8 15. h3 Re8 16. e4 dxe4 17. Nxe4 Nf6 18. Nc5 Bxc5 19. dxc5 Be6 20. Rcd1 Bd5 21. Bc4 Qc7 22. Bxd5 Nxd5 23. Nd4 Re5 24. Nf5 Rae8 25. Nd6 R8e6 26. b4 Qe7 27. Qc4 {Agrest,E (2574)-Godena,M (2517) Ajaccio 2008 1-0 (45)}) 13. Rae1 ({RR} 13. h3 O-O 14. a3 a6 15. b4 Qd8 16. Rab1 Re8 17. a4 Bd7 18. Rfc1 Qe7 19. b5 cxb5 20. axb5 a5 21. Na4 Ba3 22. Rd1 Rac8 23. Qa2 Be6 24. Ra1 Bb4 25. Rdc1 Ne4 26. Bf1 Qf6 27. Qe2 Bf5 {Johansson,L (2408)-Movahed,S (2586) Rhodes GRE 2025 0-1 (51)}) 13... O-O 14. Ne5 a6 $146 ({RR} 14... c5 15. f4 c4 16. Be2 b5 17. a3 Bb7 18. Bf3 Rfe8 19. g4 Re7 20. h4 Rae8 21. g5 hxg5 22. hxg5 Ne4 23. Nxe4 dxe4 24. Bxe4 Bxe4 25. Qxe4 Qd8 26. Rf2 Bxe5 27. fxe5 Re6 28. Rg2 Rg6 29. Qf5 {1-0 Vunder,A (2273)-Egorov,Z St Petersburg White Nights op1 2002 (5)}) ({RR} 14... Qc7 15. f4 Ng4 16. h3 Nf6 17. a3 a5 18. g4 Qe7 19. Qg2 Nd7 20. Kh1 Qh4 21. Re2 Nxe5 22. fxe5 Be7 23. e4 h5 24. exd5 hxg4 25. dxc6 gxh3 26. Qe4 bxc6 27. Rf4 Qh6 28. Re1 Bg5 29. Rff1 {0-1 Hu,Z-Nguyen,H (1701) ASEAN-ch U10 15th 2014 (8)}) ({RR} 14... c5 15. f4 c4 16. Be2 b5 17. a3 Bb7 18. Bf3 Rfe8 19. g4 Re7 20. h4 Rae8 21. g5 hxg5 22. hxg5 Ne4 23. Nxe4 dxe4 24. Bxe4 Bxe4 25. Qxe4 Qd8 26. Rf2 Bxe5 27. fxe5 Re6 28. Rg2 Rg6 29. Qf5 {Vunder,A (2273)-Egorov,Z St Petersburg 2002 1-0 (34)}) 15. f4 c5 16. Qf2 b5 17. Bb1 Bb7 18. g4 Qc7 19. h4 Ne4 20. Nxe4 dxe4 21. g5 f6 22. gxf6 gxf6 23. Qg2+ Qg7 24. dxc5 Bxe5 25. fxe5 fxe5 26. Rxf8+ Rxf8 27. Rd1 b4 28. Rd6 Qxg2+ 29. Kxg2 Rc8 30. Rb6 Bd5 31. Rxb4 Rxc5 32. Bxe4 Bxa2 33. Ra4 Bf7 34. Rxa6 Rb5 35. Rxh6 Rxb2+ 36. Kf3 Rb4 37. Bf5 Kg7 38. Rh7+ Kf6 39. e4 Rb1 40. Rh6+ Kg7 41. Rh7+ Kg8 42. Rh6 Kg7 43. Rd6 Bh5+ 44. Kg3 Rb3+ 45. Kf2 Rf3+ 46. Kg2 Rf4 47. Kg3 Rf3+ 48. Kh2 Rf2+ 49. Kg1 Rf4 50. Rd7+ Kf6 51. Rd6+ Kf7 52. Rd7+ Kf6 53. Rd6+ Kf7 54. Rd7+ 1/2-1/2

[Event "45th Olympiad 2024"]
[Site "Budapest HUN"]
[Date "2024.09.19"]
[Round "8.6"]
[White "Le, Quang Liem"]
[Black "Carlsen, Magnus"]
[Result "0-1"]
[WhiteElo "2741"]
[BlackElo "2832"]
[PlyCount "90"]
[EventDate "2024.09.11"]
[WhiteTeam "Vietnam"]
[BlackTeam "Norway"]
[WhiteTeamCountry "VIE"]
[BlackTeamCountry "NOR"]

1. d4 Nf6 2. c4 e6 3. Nf3 d5 4. Nc3 c6 5. Bg5 Nbd7 6. e3 h6 7. Bh4 Be7 8. Rc1 O-O 9. a3 a6 10. cxd5 ({RR} 10. c5 Ng4 11. Bg3 f5 12. Be2 g5 13. Qd2 Ngf6 14. h4 Ne4 15. Nxe4 fxe4 16. Ne5 gxh4 17. Bf4 Nxe5 18. Bxe5 Bf6 19. Bd6 Rf7 20. f3 Rg7 21. fxe4 Rxg2 22. Qd3 Qe8 23. e5 Bg5 24. Rf1 Bd7 {1-0 Barp,A (2470)-Kobalia,M (2542) Titled Tue 30th Apr Late 2024 (10)}) 10... exd5 ({RR} 10... cxd5 11. Bd3 b5 12. O-O Bb7 13. Nd2 Nb6 14. Qe2 Nc4 15. Nb3 Rc8 16. a4 b4 17. Bxf6 gxf6 18. Ne4 Nxb2 19. Nxf6+ Bxf6 20. Qxb2 Qd6 21. Nc5 Rxc5 22. Qxb4 Rc6 23. Qxb7 Rxc1 24. Rxc1 Qa3 25. Qb1 {1-0 Rapport,R (2735)-Shankland,S (2731) Saint Louis Champions Showdown rapid 2019 (3.5)}) ({RR} 10... cxd5 11. Bd3 b5 12. O-O Bb7 13. Nd2 Nb6 14. Qe2 Nc4 15. Nb3 Rc8 16. a4 b4 17. Bxf6 gxf6 18. Ne4 Nxb2 19. Nxf6+ Bxf6 20. Qxb2 Qd6 21. Nc5 Rxc5 22. Qxb4 Rc6 23. Qxb7 Rxc1 24. Rxc1 Qa3 25. Qb1 {Rapport,R (2735)-Shankland,S (2731) Saint Louis 2019 1-0 (71)}) 11. Qc2 $146 ({RR} 11. Bd3 Ne4 12. Bg3 f5 13. Qb3 Kh7 14. Qc2 g6 15. Bf4 g5 16. Be5 g4 17. Nxe4 dxe4 18. Bxe4 Nxe5 19. Nxe5 fxe4 20. h3 gxh3 21. g4 Qd5 22. Rxh3 Bf6 23. f4 Bxe5 24. Rh5 Bxg4 25. Rxe5 Qf7 {0-1 Yates,F-Maroczy,G Karlsbad-04 International Masters 1929 (15)}) ({RR} 11. Bd3 Ne4 12. Bxe7 Qxe7 13. O-O Re8 14. Bxe4 dxe4 15. Nd2 Nf6 16. Na4 Bg4 17. Qb3 Rad8 18. Rfe1 Rd5 19. Rc5 b5 20. Nc3 Rxc5 21. dxc5 Qxc5 22. Qc2 Qg5 23. Ne2 c5 24. Nf4 Qe5 25. h3 g5 {0-1 Bogoljubow,E-Tartakower,S Bled International 1931 (26)}) ({RR} 11. Bd3 Ne4 12. Bg3 Nxg3 13. hxg3 Re8 14. Bb1 {½-½ Hardicsay,P (2307)-Lengyel,B (2333) Balatonlelle IM 2004 (1)}) ({RR} 11. Bd3 Ne4 12. Bg3 f5 13. Qb3 Kh7 14. Qc2 g6 15. Bf4 g5 16. Be5 g4 17. Nxe4 dxe4 18. Bxe4 Nxe5 19. Nxe5 fxe4 20. h3 gxh3 21. g4 Qd5 22. Rxh3 Bf6 23. f4 Bxe5 24. Rh5 Bxg4 25. Rxe5 Qf7 {Yates,F-Maroczy,G Karlovy Vary 1929 0-1 (60)}) ({RR} 11. Bd3 Ne8 12. Bg3 Nd6 13. Qc2 Re8 14. O-O Bf8 15. Kh1 Nf6 16. Bh4 Be7 17. Ne5 Ng4 18. Bg3 Bh4 19. Bf4 Bg5 20. Bg3 Bh4 21. Bf4 Bf6 22. Nf3 Be7 23. h3 Nf6 24. Ne5 Be6 25. Bh2 Rc8 {Indjic,A (2661)-Shimanov,A (2578) chess.com INT 2025 1-0 (58)}) 11... Ne8 12. Bg3 Bd6 13. Bd3 Bxg3 14. hxg3 Ndf6 15. Ne5 Nd6 16. f3 Re8 17. Ne2 Nd7 18. Rh5 f6 19. Nxd7 Bxd7 20. Kf2 f5 21. Re1 Rxe3 22. Kxe3 Qe8+ 23. Kf2 Qxh5 24. Qc5 Qg6 25. Qb6 Qf6 26. Qc7 Be8 27. Nf4 Rc8 28. Qxc8 Nxc8 29. Rxe8+ Kf7 30. Rxc8 Qxd4+ 31. Kf1 g5 32. Rf8+ Ke7 33. Ng6+ Kd6 34. Bxf5 Qxb2 35. f4 Qxa3 36. Kf2 a5 37. Ne5 a4 38. Rf7 Qb2+ 39. Kf1 Qb5+ 40. Bd3 Qb3 41. Bf5 a3 42. Nd3 Qxd3+ 43. Bxd3 a2 44. Rxb7 a1=Q+ 45. Ke2 Qg1 0-1

[Event "45th Olympiad 2024"]
[Site "Budapest HUN"]
[Date "2024.09.20"]
[Round "9.4"]
[White "Carlsen, Magnus"]
[Black "Fedoseev, Vladimir3"]
[Result "0-1"]
[WhiteElo "2832"]
[BlackElo "2692"]
[PlyCount "110"]
[EventDate "2024.09.11"]
[WhiteTeam "Norway"]
[BlackTeam "Slovenia"]
[WhiteTeamCountry "NOR"]
[BlackTeamCountry "SLO"]

1. d4 d5 2. Nf3 c5 3. c4 cxd4 4. cxd5 Nf6 5. Nxd4 Nxd5 6. e4 Nf6 7. Bb5+ Bd7 8. Nc3 e5 9. Bxd7+ Qxd7 10. Nf5 ({RR} 10. Nc2 Qxd1+ 11. Kxd1 Bc5 12. Ke2 Nbd7 ({RR} 12... Nc6 13. Rd1 Rc8 ({RR} 13... h6 14. f3 Rc8 15. Be3 Bxe3 16. Nxe3 Nd4+ 17. Kf2 O-O 18. Rac1 Rfd8 19. Ncd5 Nxd5 20. Nxd5 Kf8 21. Ke3 Rc6 22. Rxc6 bxc6 23. Nc3 Ke7 24. Rc1 Kd6 25. Na4 Ne6 26. Rd1+ Nd4 27. Rc1 Ne6 28. Rd1+) 14. f3 Ke7 15. Be3 Bxe3 16. Nxe3 Nd4+ 17. Kf2 g6 18. Rd2 Rc5 19. Ne2 Ne6 20. Rad1 Rhc8 21. a4 Rd8 22. Rxd8 Nxd8 23. Nc1 Rc8 24. Nd3 Nd7 25. Nb4 f6 26. Nbd5+ Ke6 27. Kf1) 13. f3 Rc8 14. Bd2 Ke7 15. b4 Bd6 16. Ne3 Ke6 17. Nf5 Bf8 18. Rab1 g6 19. Ne3 Nb6 20. Rhc1 Bh6 21. Nc4 Rxc4 22. Bxh6 Rhc8 23. Bd2 Nh5 24. Nb5 Nf4+ {Tang,A (2548)-Dlugy,M (2496) New Jersey USA 2025 0-1 (48)}) 10... Qxd1+ 11. Kxd1 Nc6 12. Bg5 Ng4 $146 ({RR} 12... Nd7 13. Nd5 Rc8 14. Ke2 f6 15. Be3 g6 16. Ng3 Kf7 17. Rac1 h5 18. Rhd1 Bh6 19. Rc3 Bxe3 20. fxe3 h4 21. Nf1 Ne7 22. Rb3 Nc5 23. Rb4 a5 24. Rb6 Rc6 25. Rb5 Rb8 26. Nd2 Nc8 27. Rxa5 {0-1 Borrmann,L (2345)-Skotheim,A (2225) Titled Tue 14th May Early 2024 (7)}) ({RR} 12... Nd7 13. Nd5 Rc8 14. Ke2 f6 15. Be3 g6 16. Ng3 Kf7 17. Rac1 h5 18. Rhd1 Bh6 19. Rc3 Bxe3 20. fxe3 h4 21. Nf1 Ne7 22. Rb3 Nc5 23. Rb4 a5 24. Rb6 Rc6 25. Rb5 Rb8 26. Nd2 Nc8 27. Rxa5 {Borrmann,L (2345)-Skotheim,A (2225) chess.com INT 2024 0-1 (59)}) 13. Ke2 f6 14. Bh4 h5 15. f3 Nh6 16. Bf2 Nxf5 17. exf5 O-O-O 18. Rhd1 Rxd1 19. Rxd1 h4 20. Kd3 Rh5 21. Ke4 Rg5 22. Rg1 g6 23. Bxh4 gxf5+ 24. Kd5 Rg6 25. Ke6 Bc5 26. Rh1 Nd4+ 27. Kd5 b6 28. f4 Kd7 29. g4 fxg4 30. fxe5 fxe5 31. Ne4 Nf3 32. Nxc5+ bxc5 33. Bg3 Rd6+ 34. Kxc5 Rd2 35. Rc1 Ke6 36. Rc4 Kf5 37. Ra4 Nxh2 38. Bxh2 Rxh2 39. Rxa7 Rxb2 40. a4 Rc2+ 41. Kb5 g3 42. Rg7 Kf4 43. a5 Rb2+ 44. Kc6 Ra2 45. Kb6 e4 46. a6 e3 47. Rf7+ Ke4 48. Re7+ Kf3 49. Rf7+ Kg2 50. a7 e2 51. Re7 Kf2 52. Rf7+ Ke3 53. Re7+ Kd2 54. Rd7+ Kc1 55. Rc7+ Kb1 0-1